[Event "XXVII Miedzynarodowy Festiwal Szachowy im. Jozefa Dominika"]
[Site "Dobczyce"]
[Date "2019.07.08"]
[Round "5.5"]
[White "Krawczyk, Wojciech"]
[Black "Madej, Marek"]
[Result "1-0"]
[BlackElo "1843"]
[WhiteElo "1780"]
[LiveChessVersion "1.4.8"]

1. d4 {[%clk 1:30:27]} Nf6 {[%clk 1:30:14]} 2. Nf3 {[%clk 1:30:48]} d6
{[%clk 1:30:03]} 3. c4 {[%clk 1:30:29]} Nbd7 {[%clk 1:30:05]} 4. Nc3
{[%clk 1:30:49]} e5 {[%clk 1:30:17]} 5. Bg5 {[%clk 1:29:31]} Be7 {[%clk 1:29:36]}
6. e3 {[%clk 1:24:01]} O-O {[%clk 1:28:40]} 7. Be2 {[%clk 1:24:15]} Ne8
{[%clk 1:28:43]} 8. Bxe7 {[%clk 1:23:51]} Qxe7 {[%clk 1:29:04]} 9. Nd5
{[%clk 1:21:46]} Qd8 {[%clk 1:25:45]} 10. Qc2 {[%clk 1:17:14]} c6
{[%clk 1:25:26]} 11. Nc3 {[%clk 1:17:36]} f5 {[%clk 1:25:03]} 12. dxe5
{[%clk 1:06:54]} dxe5 {[%clk 1:24:54]} 13. O-O-O {[%clk 0:55:35]} Qe7
{[%clk 1:19:08]} 14. Rd2 {[%clk 0:44:47]} Nc5 {[%clk 1:15:12]} 15. Ne1
{[%clk 0:33:13]} Nf6 {[%clk 1:13:44]} 16. f3 {[%clk 0:33:04]} Be6
{[%clk 1:13:39]} 17. Nd3 {[%clk 0:31:52]} Nfd7 {[%clk 1:04:09]} 18. Nxc5
{[%clk 0:31:09]} Nxc5 {[%clk 1:04:15]} 19. g3 {[%clk 0:22:26]} a5
{[%clk 1:03:16]} 20. f4 {[%clk 0:18:40]} exf4 {[%clk 0:55:29]} 21. exf4
{[%clk 0:19:00]} Qf7 {[%clk 0:55:46]} 22. Rd4 {[%clk 0:16:10]} a4
{[%clk 0:52:47]} 23. Rhd1 {[%clk 0:14:28]} a3 {[%clk 0:52:40]} 24. b3
{[%clk 0:13:27]} b5 {[%clk 0:48:34]} 25. b4 {[%clk 0:12:04]} Na6 {[%clk 0:37:20]}
26. c5 {[%clk 0:11:26]} Bc4 {[%clk 0:34:08]} 27. Bxc4 {[%clk 0:08:14]} bxc4
{[%clk 0:34:33]} 28. Qe2 {[%clk 0:08:41]} Kh8 {[%clk 0:26:53]} 29. Qxc4
{[%clk 0:06:49]} Qe7 {[%clk 0:27:19]} 30. Qe2 {[%clk 0:04:03]} Qf6
{[%clk 0:26:47]} 31. Qe5 {[%clk 0:02:56]} Qh6 {[%clk 0:26:08]} 32. R1d2
{[%clk 0:02:47]} Rab8 {[%clk 0:26:08]} 33. Qe7 {[%clk 0:02:39]} Qf6
{[%clk 0:17:52]} 34. Qxf6 {[%clk 0:02:34]} Rxf6 {[%clk 0:17:51]} 35. Na4
{[%clk 0:01:52]} Re6 {[%clk 0:14:34]} 36. Nb6 {[%clk 0:01:46]} h6
{[%clk 0:14:45]} 37. Kc2 {[%clk 0:01:31]} Re3 {[%clk 0:11:43]} 38. R2d3
{[%clk 0:01:28]} Re2+ {[%clk 0:12:07]} 39. Kb3 {[%clk 0:01:43]} Nc7
{[%clk 0:11:05]} 40. Rd8+ {[%clk 0:01:29]} Rxd8 {[%clk 0:11:14]} 41. Rxd8+
{[%clk 0:01:56]} Kh7 {[%clk 0:11:39]} 42. Nc4 {[%clk 0:02:02]} Nb5
{[%clk 0:11:32]} 43. Rd3 {[%clk 0:02:18]} Re4 {[%clk 0:08:50]} 44. Nxa3
{[%clk 0:02:04]} Nd4+ {[%clk 0:09:01]} 45. Kc3 {[%clk 0:02:06]} Ne2+
{[%clk 0:08:49]} 46. Kd2 {[%clk 0:02:02]} Ng1 {[%clk 0:09:03]} 47. Nc2
{[%clk 0:02:11]} Re2+ {[%clk 0:08:38]} 48. Kc3 {[%clk 0:02:33]} Rxh2
{[%clk 0:08:41]} 49. a4 {[%clk 0:02:49]} Ne2+ {[%clk 0:08:38]} 50. Kb2
{[%clk 0:02:46]} g5 {[%clk 0:08:37]} 51. b5 {[%clk 0:02:51]} gxf4
{[%clk 0:08:25]} 52. gxf4 {[%clk 0:03:16]} Nxf4 {[%clk 0:08:48]} 53. Rd7+
{[%clk 0:03:13]} Kg8 {[%clk 0:07:48]} 54. b6 {[%clk 0:03:15]} Re2
{[%clk 0:06:59]} 55. Rd8+ {[%clk 0:03:39]} Kf7 {[%clk 0:07:20]} 56. b7
{[%clk 0:04:02]} Nd3+ {[%clk 0:07:47]} 57. Rxd3 {[%clk 0:04:05]} Re8
{[%clk 0:08:12]} 58. a5 {[%clk 0:04:27]} Rb8 {[%clk 0:08:33]} 59. a6
{[%clk 0:04:50]} f4 {[%clk 0:08:57]} 60. Nd4 {[%clk 0:05:10]} 1-0

[Event "XXVII Miedzynarodowy Festiwal Szachowy im. Jozefa Dominika"]
[Site "Dobczyce"]
[Date "2019.07.08"]
[Round "5.6"]
[White "Seredyn, Dominik"]
[Black "Iwanczuk, Krzysztof"]
[Result "1/2-1/2"]
[BlackElo "1775"]
[WhiteElo "1737"]
[LiveChessVersion "1.4.8"]

1. Nf3 {[%clk 1:30:43]} d5 {[%clk 1:30:30]} 2. d4 {[%clk 1:30:46]} Nf6
{[%clk 1:30:51]} 3. c4 {[%clk 1:30:47]} c6 {[%clk 1:31:04]} 4. e3
{[%clk 1:30:56]} e6 {[%clk 1:29:38]} 5. Bd3 {[%clk 1:31:10]} Nbd7
{[%clk 1:29:51]} 6. O-O {[%clk 1:31:19]} Bd6 {[%clk 1:29:47]} 7. Nbd2
{[%clk 1:31:35]} O-O {[%clk 1:29:54]} 8. e4 {[%clk 1:31:44]} dxe4
{[%clk 1:23:49]} 9. Nxe4 {[%clk 1:32:05]} Nxe4 {[%clk 1:22:20]} 10. Bxe4
{[%clk 1:32:25]} f5 {[%clk 1:18:33]} 11. Bc2 {[%clk 1:30:55]} e5 {[%clk 1:17:06]}
12. Bg5 {[%clk 1:28:38]} Be7 {[%clk 1:14:17]} 13. Bxe7 {[%clk 1:27:32]} Qxe7
{[%clk 1:14:45]} 14. Nxe5 {[%clk 1:24:51]} Nxe5 {[%clk 1:14:51]} 15. Re1
{[%clk 1:25:04]} Qb4 {[%clk 1:10:35]} 16. dxe5 {[%clk 1:22:18]} Be6
{[%clk 1:10:11]} 17. Qd6 {[%clk 1:18:46]} Qxd6 {[%clk 1:09:09]} 18. exd6
{[%clk 1:19:05]} Bxc4 {[%clk 1:08:37]} 19. Re7 {[%clk 1:18:57]} Rf7
{[%clk 1:03:53]} 20. Rxf7 {[%clk 1:07:09]} Kxf7 {[%clk 1:04:00]} 21. Bxf5
{[%clk 1:07:31]} g6 {[%clk 1:03:34]} 22. Bh3 {[%clk 1:06:44]} Rd8
{[%clk 1:02:54]} 23. d7 {[%clk 1:06:02]} Be6 {[%clk 1:03:05]} 24. Bxe6+
{[%clk 1:06:11]} Kxe6 {[%clk 1:03:33]} 25. Re1+ {[%clk 1:02:35]} Kxd7
{[%clk 1:03:26]} 26. Rd1+ {[%clk 1:03:00]} Ke7 {[%clk 1:03:34]} 27. Rxd8
{[%clk 1:03:23]} Kxd8 {[%clk 1:03:59]} 28. f4 {[%clk 1:03:49]} Ke7
{[%clk 1:03:48]} 29. Kf2 {[%clk 1:04:11]} Ke6 {[%clk 1:03:55]} 30. Kf3
{[%clk 1:04:29]} Kd5 {[%clk 1:01:59]} 31. b4 {[%clk 0:53:43]} b6 {[%clk 0:51:29]}
32. Ke3 {[%clk 0:52:36]} c5 {[%clk 0:45:48]} 33. bxc5 {[%clk 0:52:46]} bxc5
{[%clk 0:44:35]} 34. Kd3 {[%clk 0:53:00]} c4+ {[%clk 0:44:46]} 35. Kc3
{[%clk 0:53:24]} h5 {[%clk 0:43:28]} 36. g3 {[%clk 0:50:37]} Ke4 {[%clk 0:41:08]}
37. Kxc4 {[%clk 0:50:57]} Kf3 {[%clk 0:41:20]} 38. Kd3 {[%clk 0:50:52]} Kg2
{[%clk 0:40:52]} 39. Ke2 {[%clk 0:51:10]} Kxh2 {[%clk 0:41:14]} 40. Kf2
{[%clk 0:51:36]} a6 {[%clk 0:39:59]} 41. a3 {[%clk 0:52:01]} a5 {[%clk 0:40:16]}
42. a4 {[%clk 0:52:23]} Kh3 {[%clk 0:40:33]} 43. Kf3 {[%clk 0:52:48]} Kh2
{[%clk 0:40:37]} 44. Kf2 {[%clk 0:53:11]} Kh3 1/2-1/2

[Event "XXVII Miedzynarodowy Festiwal Szachowy im. Jozefa Dominika"]
[Site "Dobczyce"]
[Date "2019.07.08"]
[Round "5.7"]
[White "Kuciel, Wladyslaw"]
[Black "Dziewonski, Dariusz"]
[Result "1/2-1/2"]
[BlackElo "1879"]
[WhiteElo "1966"]
[LiveChessVersion "1.4.8"]

1. d4 {[%clk 1:30:39]} d5 {[%clk 1:30:38]} 2. Nf3 {[%clk 1:31:04]} Nf6
{[%clk 1:30:55]} 3. c4 {[%clk 1:31:15]} e6 {[%clk 1:31:02]} 4. Nc3
{[%clk 1:31:39]} Be7 {[%clk 1:30:31]} 5. Qc2 {[%clk 1:31:45]} O-O
{[%clk 1:25:36]} 6. Bf4 {[%clk 1:31:19]} a6 {[%clk 1:17:59]} 7. e3
{[%clk 1:30:54]} Nbd7 {[%clk 1:12:51]} 8. cxd5 {[%clk 1:26:26]} exd5
{[%clk 1:13:01]} 9. Bd3 {[%clk 1:26:16]} c6 {[%clk 1:08:48]} 10. O-O
{[%clk 1:25:52]} Re8 {[%clk 0:56:32]} 11. Ne5 {[%clk 1:12:21]} g6
{[%clk 0:50:09]} 12. Rac1 {[%clk 1:06:49]} Nxe5 {[%clk 0:41:12]} 13. Bxe5
{[%clk 1:05:04]} Bd6 {[%clk 0:40:18]} 14. f4 {[%clk 1:05:11]} Ng4
{[%clk 0:21:38]} 15. Rf3 {[%clk 1:04:47]} f5 {[%clk 0:20:16]} 16. Qb3
{[%clk 0:57:38]} Nf6 {[%clk 0:16:16]} 17. e4 fxe4 {[%clk 0:08:27]} 18. Nxe4
{[%clk 0:56:09]} Nxe4 {[%clk 0:05:19]} 19. Bxe4 {[%clk 0:56:06]} Bxe5
{[%clk 0:05:30]} 20. fxe5 {[%clk 0:56:22]} Qh4 {[%clk 0:04:13]} 21. Re3
{[%clk 0:50:13]} Be6 {[%clk 0:04:02]} 22. Bb1 {[%clk 0:44:59]} Qxd4
{[%clk 0:04:09]} 23. Kh1 {[%clk 0:45:13]} Qf4 {[%clk 0:03:40]} 24. Ree1
{[%clk 0:45:04]} Re7 {[%clk 0:02:44]} 25. Rc3 {[%clk 0:41:06]} Qf2
{[%clk 0:01:39]} 26. Rd1 {[%clk 0:38:52]} Rf8 {[%clk 0:01:15]} 27. Rcc1
{[%clk 0:38:29]} Ref7 {[%clk 0:01:07]} 28. h3 {[%clk 0:35:34]} Rf3
{[%clk 0:01:03]} 29. Rd3 {[%clk 0:36:03]} Rxd3 {[%clk 0:00:48]} 30. Qxd3
{[%clk 0:34:50]} Qf4 {[%clk 0:00:42]} 31. Re1 {[%clk 0:34:24]} Bf5
{[%clk 0:00:35]} 32. Qd1 {[%clk 0:34:53]} Bxb1 {[%clk 0:00:47]} 33. Qxb1
{[%clk 0:35:21]} Re8 {[%clk 0:00:52]} 34. Qd1 {[%clk 0:35:02]} Rxe5
{[%clk 0:00:56]} 35. Rf1 {[%clk 0:35:30]} Qc4 {[%clk 0:00:36]} 36. Rf2
{[%clk 0:34:20]} Qe4 {[%clk 0:00:37]} 37. Rf1 {[%clk 0:33:54]} Qe2
{[%clk 0:00:50]} 38. Qc1 {[%clk 0:34:22]} Qe3 {[%clk 0:00:45]} 39. Qd1
{[%clk 0:33:00]} Qe2 {[%clk 0:00:37]} 40. Qc1 {[%clk 0:33:29]} d4
{[%clk 0:00:47]} 41. Qf4 {[%clk 0:33:39]} Rf5 {[%clk 0:00:36]} 42. Qb8+
{[%clk 0:33:36]} Kg7 {[%clk 0:00:42]} 43. Qxb7+ {[%clk 0:33:12]} Kh6
{[%clk 0:00:33]} 44. Rxf5 {[%clk 0:32:34]} gxf5 {[%clk 0:01:03]} 45. Qxc6+
{[%clk 0:32:56]} Kg5 {[%clk 0:01:07]} 46. Qc1+ {[%clk 0:29:46]} Kg6
{[%clk 0:01:24]} 47. Qc6+ {[%clk 0:28:13]} Kg5 {[%clk 0:01:43]} 48. Qc1+ 1/2-1/2

[Event "XXVII Miedzynarodowy Festiwal Szachowy im. Jozefa Dominika"]
[Site "Dobczyce"]
[Date "2019.07.08"]
[Round "5.8"]
[White "Kawula, Andrzej"]
[Black "Jalowiec, Halina"]
[Result "0-1"]
[BlackElo "1919"]
[WhiteElo "1876"]
[LiveChessVersion "1.4.8"]

1. d4 {[%clk 1:30:50]} Nf6 {[%clk 1:30:55]} 2. c4 {[%clk 1:31:11]} d6
{[%clk 1:31:16]} 3. Nf3 {[%clk 1:31:18]} g6 {[%clk 1:31:38]} 4. Nc3
{[%clk 1:31:40]} Bg7 {[%clk 1:32:04]} 5. e4 {[%clk 1:31:59]} Nbd7
{[%clk 1:32:15]} 6. Be2 {[%clk 1:32:22]} c6 {[%clk 1:32:38]} 7. O-O
{[%clk 1:32:38]} e5 {[%clk 1:31:47]} 8. Bg5 {[%clk 1:31:40]} O-O {[%clk 1:31:16]}
9. Qd2 {[%clk 1:29:10]} Re8 {[%clk 1:30:58]} 10. Rad1 {[%clk 1:25:09]} Qa5
{[%clk 1:29:25]} 11. d5 {[%clk 1:20:22]} c5 {[%clk 1:21:44]} 12. Rfe1
{[%clk 1:18:54]} a6 {[%clk 1:21:09]} 13. Bf1 {[%clk 1:16:38]} Rb8
{[%clk 1:20:27]} 14. a4 {[%clk 1:15:27]} Nf8 {[%clk 1:20:11]} 15. h3
{[%clk 1:15:27]} Bd7 {[%clk 1:20:28]} 16. Ra1 {[%clk 1:15:42]} Qb4
{[%clk 1:13:18]} 17. Qc2 {[%clk 1:14:45]} h6 {[%clk 1:10:04]} 18. Bd2
{[%clk 1:11:16]} Qb6 {[%clk 1:10:04]} 19. Nh2 {[%clk 1:08:31]} Qd8
{[%clk 1:09:05]} 20. f4 {[%clk 1:07:05]} Nh5 {[%clk 1:08:19]} 21. f5
{[%clk 1:05:34]} Ng3 {[%clk 1:05:24]} 22. Qd3 {[%clk 0:55:09]} Nxf1
{[%clk 1:05:17]} 23. Rxf1 {[%clk 0:55:21]} Nh7 {[%clk 1:04:21]} 24. g4
{[%clk 0:53:16]} b6 {[%clk 0:59:46]} 25. Rf2 {[%clk 0:50:35]} g5 {[%clk 0:53:08]}
26. Nf3 {[%clk 0:46:21]} Nf6 {[%clk 0:52:29]} 27. Kg2 {[%clk 0:46:30]} Rf8
{[%clk 0:52:21]} 28. Kg3 {[%clk 0:43:16]} Nh7 {[%clk 0:44:39]} 29. Rh1
{[%clk 0:42:41]} Qe8 {[%clk 0:42:04]} 30. h4 {[%clk 0:42:07]} f6 {[%clk 0:39:46]}
31. b3 {[%clk 0:36:53]} b5 {[%clk 0:38:11]} 32. axb5 {[%clk 0:36:51]} axb5
{[%clk 0:38:38]} 33. Rfh2 {[%clk 0:36:52]} bxc4 {[%clk 0:37:01]} 34. bxc4
{[%clk 0:37:16]} Qe7 {[%clk 0:36:11]} 35. Qc2 {[%clk 0:35:17]} Rb7
{[%clk 0:36:16]} 36. hxg5 {[%clk 0:35:17]} fxg5 {[%clk 0:36:20]} 37. Qc1
{[%clk 0:33:11]} Qf6 {[%clk 0:33:07]} 38. Qa1 {[%clk 0:27:35]} Rfb8
{[%clk 0:31:37]} 39. Rb1 {[%clk 0:27:51]} Rxb1 {[%clk 0:30:06]} 40. Nxb1
{[%clk 0:28:08]} Qd8 {[%clk 0:30:22]} 41. Bc3 {[%clk 0:27:16]} Be8
{[%clk 0:29:14]} 42. Nbd2 {[%clk 0:26:17]} Nf6 {[%clk 0:29:14]} 43. Qa5
{[%clk 0:24:19]} Qxa5 {[%clk 0:29:13]} 44. Bxa5 {[%clk 0:24:48]} Rb2
{[%clk 0:27:23]} 45. Rh1 {[%clk 0:22:06]} Ra2 {[%clk 0:26:22]} 46. Bc7
{[%clk 0:21:22]} Bf8 {[%clk 0:26:43]} 47. Rb1 {[%clk 0:21:46]} Ra7
{[%clk 0:25:34]} 48. Bd8 {[%clk 0:21:45]} Nd7 {[%clk 0:24:20]} 49. Rb3
{[%clk 0:18:35]} Ra8 {[%clk 0:24:43]} 50. Bc7 {[%clk 0:18:35]} Ra7
{[%clk 0:23:36]} 51. Bd8 {[%clk 0:17:20]} Kg7 {[%clk 0:23:55]} 52. Rb5
{[%clk 0:16:02]} Kf7 {[%clk 0:23:25]} 53. Ra5 {[%clk 0:16:06]} Rxa5
{[%clk 0:23:24]} 54. Bxa5 {[%clk 0:16:33]} Nf6 {[%clk 0:23:50]} 55. Bd8
{[%clk 0:15:49]} Nh7 {[%clk 0:23:42]} 56. Ba5 {[%clk 0:15:06]} Ba4
{[%clk 0:24:01]} 57. Bc3 {[%clk 0:15:10]} Bc2 {[%clk 0:23:30]} 58. Ne1
{[%clk 0:14:05]} Bd1 {[%clk 0:23:31]} 59. Nd3 {[%clk 0:13:50]} Nf6
{[%clk 0:22:13]} 60. Nf2 {[%clk 0:12:22]} Be2 {[%clk 0:19:53]} 61. Nf3
{[%clk 0:11:43]} Ke7 {[%clk 0:17:30]} 62. Bxe5 {[%clk 0:11:19]} dxe5
{[%clk 0:15:46]} 63. Nxe5 {[%clk 0:11:39]} Nd7 {[%clk 0:15:35]} 64. Ng6+
{[%clk 0:10:49]} Ke8 {[%clk 0:12:25]} 65. e5 {[%clk 0:04:18]} Nxe5
{[%clk 0:12:00]} 66. Nxe5 {[%clk 0:03:08]} Bd6 {[%clk 0:12:27]} 67. Ne4
{[%clk 0:03:26]} Bxe5+ {[%clk 0:12:52]} 68. Kf2 {[%clk 0:03:52]} Bxc4
{[%clk 0:12:57]} 69. Ke1 {[%clk 0:02:29]} Bxd5 {[%clk 0:13:06]} 70. Nxc5
{[%clk 0:02:42]} Bf3 {[%clk 0:13:18]} 0-1

[Event "XXVII Miedzynarodowy Festiwal Szachowy im. Jozefa Dominika"]
[Site "Dobczyce"]
[Date "2019.07.08"]
[Round "5.9"]
[White "Klementys, Jerzy"]
[Black "Mirowska, Oliwia"]
[Result "0-1"]
[BlackElo "1735"]
[WhiteElo "1656"]
[LiveChessVersion "1.4.8"]

1. d4 {[%clk 1:30:55]} d6 {[%clk 1:30:33]} 2. Nf3 {[%clk 1:31:18]} f5
{[%clk 1:30:44]} 3. c4 {[%clk 1:31:43]} Nf6 {[%clk 1:31:02]} 4. Nc3
{[%clk 1:32:00]} g6 {[%clk 1:30:50]} 5. g3 {[%clk 1:32:27]} Bg7 {[%clk 1:31:09]}
6. Bg2 {[%clk 1:32:55]} O-O {[%clk 1:31:19]} 7. O-O {[%clk 1:33:24]} e6
{[%clk 1:31:21]} 8. Qd3 {[%clk 1:31:23]} Nc6 {[%clk 1:25:19]} 9. a3
{[%clk 1:31:30]} Qe7 {[%clk 1:19:29]} 10. e4 {[%clk 1:31:31]} e5 {[%clk 1:14:54]}
11. d5 {[%clk 1:31:40]} Na5 {[%clk 1:09:40]} 12. b4 {[%clk 1:31:30]} Nb3
{[%clk 1:09:58]} 13. Rb1 {[%clk 1:31:59]} Nxc1 {[%clk 1:10:16]} 14. Rfxc1
{[%clk 1:32:27]} fxe4 {[%clk 1:10:28]} 15. Nxe4 {[%clk 1:32:53]} Nxe4
{[%clk 1:10:47]} 16. Qxe4 {[%clk 1:32:53]} Bf5 {[%clk 1:11:09]} 17. Qe3
{[%clk 1:33:16]} Bxb1 {[%clk 1:11:06]} 18. Rxb1 {[%clk 1:33:45]} Rf6
{[%clk 1:06:52]} 19. Nd2 {[%clk 1:33:54]} Qd7 {[%clk 0:54:20]} 20. Ne4
{[%clk 1:32:17]} Rf7 {[%clk 0:52:16]} 21. h4 {[%clk 1:31:07]} Qc8
{[%clk 0:35:11]} 22. Kh2 {[%clk 1:31:26]} Qf8 {[%clk 0:35:27]} 23. Rb2
{[%clk 1:29:13]} b6 {[%clk 0:34:53]} 24. Rc2 {[%clk 1:26:54]} a5 {[%clk 0:29:47]}
25. b5 {[%clk 1:27:06]} Bh6 {[%clk 0:29:14]} 26. Qe2 {[%clk 1:27:07]} Qe7
{[%clk 0:27:46]} 27. Bh3 {[%clk 1:23:52]} Kh8 {[%clk 0:27:55]} 28. Be6
{[%clk 1:23:57]} Rff8 {[%clk 0:28:24]} 29. a4 {[%clk 1:21:09]} Bg7
{[%clk 0:27:12]} 30. Qg4 {[%clk 1:21:05]} Bf6 {[%clk 0:26:51]} 31. Kh3
{[%clk 1:21:19]} Qg7 {[%clk 0:26:32]} 32. Kg2 {[%clk 1:20:43]} Rae8
{[%clk 0:26:34]} 33. Rc3 {[%clk 1:18:36]} Bd8 {[%clk 0:26:02]} 34. Kh3
{[%clk 1:16:58]} h5 {[%clk 0:24:14]} 35. Qe2 {[%clk 1:16:20]} Qh6
{[%clk 0:24:18]} 36. Qe3 {[%clk 1:09:31]} Kg7 {[%clk 0:21:07]} 37. Kg2
{[%clk 1:09:24]} Qxe3 {[%clk 0:20:34]} 38. Rxe3 {[%clk 1:09:52]} Kh6
{[%clk 0:20:47]} 39. Rf3 {[%clk 1:08:34]} Rxf3 {[%clk 0:20:02]} 40. Kxf3
{[%clk 1:09:02]} Rf8+ {[%clk 0:20:30]} 41. Kg2 {[%clk 1:09:31]} g5
{[%clk 0:20:31]} 42. hxg5+ {[%clk 1:09:59]} Bxg5 {[%clk 0:20:45]} 43. Bd7
{[%clk 1:10:03]} h4 {[%clk 0:20:21]} 44. Be6 {[%clk 1:10:19]} Bd8
{[%clk 0:19:01]} 45. Bd7 {[%clk 1:10:31]} Rg8 {[%clk 0:17:57]} 46. Kh3
{[%clk 1:10:44]} Rf8 {[%clk 0:17:16]} 47. Kg2 {[%clk 1:11:04]} Bg5
{[%clk 0:17:14]} 48. Be6 {[%clk 1:06:35]} hxg3 {[%clk 0:16:15]} 49. fxg3
{[%clk 1:06:59]} Bf4 {[%clk 0:15:51]} 50. g4 {[%clk 1:04:46]} Kg7
{[%clk 0:15:05]} 51. Nf2 {[%clk 1:03:13]} Rh8 {[%clk 0:15:20]} 52. Nh3
{[%clk 1:03:41]} Be3 {[%clk 0:15:19]} 53. Bf5 {[%clk 1:03:53]} Kf6
{[%clk 0:15:26]} 54. Kg3 {[%clk 1:02:30]} e4 {[%clk 0:14:40]} 55. Bxe4
{[%clk 1:02:24]} Ke5 {[%clk 0:15:05]} 56. Bd3 {[%clk 1:01:33]} Kd4
{[%clk 0:15:30]} 57. Be2 {[%clk 1:01:58]} Kc3 {[%clk 0:15:39]} 58. Nf4
{[%clk 1:01:21]} Bxf4+ {[%clk 0:15:43]} 59. Kxf4 {[%clk 1:01:49]} Kb4
{[%clk 0:16:03]} 60. g5 {[%clk 1:02:02]} Kxa4 {[%clk 0:15:57]} 61. g6
{[%clk 1:02:26]} Kb3 {[%clk 0:16:00]} 62. Kg5 {[%clk 1:02:45]} Kc2
{[%clk 0:15:53]} 63. g7 {[%clk 1:02:52]} Rg8 {[%clk 0:16:18]} 64. Kf6
{[%clk 1:03:16]} a4 {[%clk 0:16:29]} 65. c5 {[%clk 1:02:49]} Kc3 {[%clk 0:15:21]}
66. cxd6 {[%clk 1:01:53]} cxd6 {[%clk 0:15:45]} 67. Kf7 {[%clk 1:02:17]} Rxg7+
{[%clk 0:16:03]} 68. Kxg7 {[%clk 1:02:46]} a3 {[%clk 0:16:26]} 69. Kf6
{[%clk 1:02:53]} a2 {[%clk 0:16:38]} 70. Ke6 {[%clk 1:03:22]} a1=Q
{[%clk 0:16:57]} 71. Kxd6 {[%clk 1:03:48]} Qa3+ {[%clk 0:15:18]} 72. Kd7
{[%clk 1:04:00]} Kd4 {[%clk 0:15:27]} 73. d6 {[%clk 1:03:31]} Ke5
{[%clk 0:15:46]} 0-1

[Event "XXVII Miedzynarodowy Festiwal Szachowy im. Jozefa Dominika"]
[Site "Dobczyce"]
[Date "2019.07.09"]
[Round "6.1"]
[White "Luberanski, Jakub"]
[Black "Gbyl, Andrzej"]
[Result "0-1"]
[BlackElo "2234"]
[WhiteElo "2010"]
[LiveChessVersion "1.4.8"]

1. e4 {[%clk 1:30:59]} e6 {[%clk 1:30:53]} 2. d4 {[%clk 1:31:25]} d5
{[%clk 1:31:19]} 3. Nc3 {[%clk 1:31:51]} Nf6 {[%clk 1:31:37]} 4. e5
{[%clk 1:32:17]} Nfd7 {[%clk 1:32:03]} 5. f4 {[%clk 1:32:42]} c5 {[%clk 1:32:29]}
6. Nf3 {[%clk 1:33:09]} Nc6 {[%clk 1:32:55]} 7. Be3 {[%clk 1:33:35]} Be7
{[%clk 1:33:12]} 8. Qd2 {[%clk 1:33:41]} O-O {[%clk 1:33:13]} 9. Be2
{[%clk 1:33:33]} b6 {[%clk 1:33:02]} 10. O-O {[%clk 1:33:47]} f5 {[%clk 1:33:15]}
11. Nd1 {[%clk 1:27:43]} cxd4 {[%clk 1:32:48]} 12. Nxd4 {[%clk 1:28:06]} Nxd4
{[%clk 1:33:08]} 13. Bxd4 {[%clk 1:28:28]} Nc5 {[%clk 1:33:07]} 14. Nf2
{[%clk 1:27:08]} a5 {[%clk 1:18:39]} 15. Bf3 {[%clk 1:14:28]} Ba6
{[%clk 1:16:12]} 16. Rfe1 {[%clk 1:14:50]} Rc8 {[%clk 1:03:43]} 17. Qe3
{[%clk 1:11:04]} g5 {[%clk 1:03:31]} 18. c3 {[%clk 0:52:22]} gxf4
{[%clk 0:53:49]} 19. Qxf4 {[%clk 0:52:46]} Kh8 {[%clk 0:48:01]} 20. Nh3
{[%clk 0:42:16]} Nd3 {[%clk 0:42:17]} 21. Qh6 {[%clk 0:42:29]} Nxe1
{[%clk 0:42:40]} 22. Rxe1 {[%clk 0:42:40]} Rc6 {[%clk 0:36:05]} 23. Nf4
{[%clk 0:20:05]} Bg5 {[%clk 0:18:45]} 24. Ng6+ {[%clk 0:19:58]} Kg8
{[%clk 0:19:08]} 25. Qxf8+ {[%clk 0:20:21]} Qxf8 {[%clk 0:19:33]} 26. Nxf8
{[%clk 0:20:49]} Kxf8 {[%clk 0:19:58]} 27. a3 {[%clk 0:20:14]} Bd3
{[%clk 0:18:57]} 28. a4 {[%clk 0:16:13]} Be7 {[%clk 0:15:53]} 29. Kf2
{[%clk 0:13:05]} Be4 {[%clk 0:14:30]} 30. Be2 {[%clk 0:12:10]} Bc5
{[%clk 0:14:51]} 31. Bb5 {[%clk 0:12:03]} Bxd4+ {[%clk 0:15:06]} 32. cxd4
{[%clk 0:12:32]} Rc2+ {[%clk 0:14:54]} 33. Re2 {[%clk 0:12:39]} Rc1
{[%clk 0:15:18]} 34. g3 {[%clk 0:11:23]} Rd1 {[%clk 0:14:15]} 35. Ke3
{[%clk 0:11:29]} Ke7 {[%clk 0:14:12]} 36. Rd2 {[%clk 0:10:57]} Rb1
{[%clk 0:12:09]} 37. Kf2 {[%clk 0:09:55]} h6 {[%clk 0:12:22]} 38. Ke3
{[%clk 0:10:20]} Rc1 {[%clk 0:11:40]} 39. Rf2 {[%clk 0:10:04]} Rg1
{[%clk 0:10:45]} 40. Bf1 {[%clk 0:09:38]} Kd8 {[%clk 0:09:40]} 41. Kf4
{[%clk 0:07:57]} Bc2 {[%clk 0:09:19]} 42. Ke3 {[%clk 0:06:05]} Bxa4
{[%clk 0:09:02]} 43. Rf4 {[%clk 0:06:24]} Rh1 {[%clk 0:09:09]} 44. Rf2
{[%clk 0:06:05]} Bb3 {[%clk 0:09:03]} 45. Bd3 {[%clk 0:03:07]} Ke7
{[%clk 0:05:21]} 46. Kd2 {[%clk 0:03:04]} Bc4 {[%clk 0:04:54]} 47. Bc2
{[%clk 0:02:56]} Rg1 {[%clk 0:04:05]} 48. Bd1 {[%clk 0:02:41]} Bb5
{[%clk 0:03:07]} 49. Bc2 {[%clk 0:02:55]} Kf7 {[%clk 0:02:01]} 50. Bd1
{[%clk 0:02:18]} Kg6 {[%clk 0:02:15]} 51. Bc2 {[%clk 0:02:20]} Kg5
{[%clk 0:01:44]} 52. Bd1 {[%clk 0:02:42]} Bc4 {[%clk 0:01:40]} 53. Ba4
{[%clk 0:02:28]} b5 {[%clk 0:02:05]} 54. Bd1 {[%clk 0:02:54]} a4 {[%clk 0:02:24]}
55. Bc2 {[%clk 0:02:53]} h5 {[%clk 0:02:17]} 56. Kc3 {[%clk 0:02:30]} h4
{[%clk 0:02:31]} 57. gxh4+ {[%clk 0:02:41]} Kxh4 {[%clk 0:02:54]} 58. Kb4
{[%clk 0:02:58]} Kh3 {[%clk 0:02:27]} 59. Rd2 {[%clk 0:02:49]} Rh1
{[%clk 0:02:28]} 60. Rf2 {[%clk 0:01:12]} Rxh2 {[%clk 0:02:46]} 61. Rf3+
{[%clk 0:01:25]} Kg4 {[%clk 0:01:49]} 62. Rc3 {[%clk 0:01:29]} f4
{[%clk 0:01:52]} 63. Bd1+ {[%clk 0:01:54]} Kg5 {[%clk 0:01:32]} 64. Kc5
{[%clk 0:02:03]} Rxb2 {[%clk 0:01:46]} 65. Kd6 {[%clk 0:02:30]} Rd2
{[%clk 0:02:04]} 66. Bf3 {[%clk 0:01:51]} Rd3 {[%clk 0:01:14]} 67. Rxd3
{[%clk 0:02:12]} Bxd3 {[%clk 0:01:39]} 68. Kxe6 {[%clk 0:02:39]} a3
{[%clk 0:01:42]} 69. Bxd5 {[%clk 0:02:44]} Bc4 {[%clk 0:02:06]} 70. Bxc4
{[%clk 0:02:43]} bxc4 0-1

[Event "XXVII Miedzynarodowy Festiwal Szachowy im. Jozefa Dominika"]
[Site "Dobczyce"]
[Date "2019.07.09"]
[Round "6.2"]
[White "Cisek, Kamil"]
[Black "Widla, Piotr"]
[Result "1/2-1/2"]
[BlackElo "1989"]
[WhiteElo "1891"]
[LiveChessVersion "1.4.8"]

1. d4 {[%clk 1:30:57]} c5 {[%clk 1:30:52]} 2. d5 {[%clk 1:31:15]} Nf6
{[%clk 1:31:17]} 3. c4 {[%clk 1:31:22]} b5 {[%clk 1:30:41]} 4. cxb5
{[%clk 1:31:28]} a6 {[%clk 1:31:06]} 5. bxa6 {[%clk 1:31:52]} Bxa6
{[%clk 1:31:29]} 6. Nc3 {[%clk 1:31:42]} g6 {[%clk 1:31:37]} 7. g3
{[%clk 1:31:42]} Bg7 {[%clk 1:31:42]} 8. Bg2 {[%clk 1:31:48]} d6 {[%clk 1:31:36]}
9. Nf3 {[%clk 1:31:49]} O-O {[%clk 1:31:59]} 10. O-O {[%clk 1:32:04]} Nbd7
{[%clk 1:31:43]} 11. Rb1 {[%clk 1:31:42]} Qb6 {[%clk 1:29:30]} 12. b3
{[%clk 1:25:21]} Rfb8 {[%clk 1:22:24]} 13. Re1 {[%clk 1:18:20]} Qa7
{[%clk 1:16:00]} 14. h3 {[%clk 1:15:12]} Ne8 {[%clk 0:58:17]} 15. Qc2
{[%clk 1:08:06]} Nc7 {[%clk 0:41:05]} 16. e4 {[%clk 1:03:08]} h6 {[%clk 0:24:21]}
1/2-1/2